Univers de fiction par protagoniste - Statistiques

Statistiques générales
  • Ce quiz a été pris 157 fois
  • Le résultat moyen est 43 sur 100
Statistiques - réponses
Protagoniste Univers % Correct
Monkey D. Luffy One Piece
96%
Bruce Wayne Batman
95%
Willy Wonka Charlie et la Chocolaterie
95%
Ariel La Petite Sirène
93%
Peter Parker Spider-Man
92%
Woody Toy Story
91%
Flash McQueen Cars
90%
Mowgli Le Livre de la jungle
90%
Simba Le Roi lion
89%
Frodon Sacquet Le Seigneur des Anneaux
88%
Clark Kent Superman
88%
Son Goku Dragon Ball
87%
Jack Sparrow Pirates des Caraïbes
86%
Marty McFly Retour vers le futur
84%
Felonius Gru Moi, moche et méchant
79%
Lara Croft Tomb Raider
79%
Walter White Breaking Bad
78%
D'Artagnan Les Trois Mousquetaires
77%
Optimus Prime Transformers
76%
Katniss Everdeen Hunger Games
74%
Eren Jäger L'Attaque des Titans
70%
Godefroy de Montmirail Les Visiteurs
69%
Jean Valjean Les Misérables
68%
Norbert Dragonneau Les Animaux fantastiques
66%
Light Yagami Death Note
65%
Charles Xavier X-Men
65%
Star-Lord Les Gardiens de la Galaxie
64%
Sacha Ketchum Pokémon - la série
64%
Bella Swan Twilight
64%
Steve Rogers Captain America
62%
Maximus Decimus Meridius Gladiator
62%
Meliodas Seven Deadly Sins
60%
Don Vito Corleone Le Parrain
58%
Nathan Drake Uncharted
57%
Tanjirō Kamado Demon Slayer
54%
Seiya de Pégase Les Chevaliers du Zodiaque
54%
Izuku Midoriya My Hero Academia
53%
Link The Legend of Zelda
52%
Ichigo Kurosaki Bleach
50%
Ghostface Scream
50%
Gon Freecss Hunter × Hunter
49%
Yuji Itadori Jujutsu Kaisen
48%
Geralt de Riv The Witcher
48%
Edmond Dantès Le Comte de Monte-Cristo
47%
Solid Snake Metal Gear
47%
Paul Atréides Dune
45%
Phileas Fogg Le Tour du monde en quatre-vingts jours
42%
Ulysse L'Odyssée
40%
Hubert Bonnisseur de la Bath OSS 117
39%
Samus Aran Metroid
38%
Judy Hopps Zootopie
38%
Jack Frost Les Cinq Légendes
36%
Aang Avatar : Le Dernier Maître de l'air
34%
Lelouch Lamperouge Code Geass
34%
Mark Evans Inazuma Eleven
33%
Assane Diop Lupin
33%
Takemichi Hanagaki Tokyo Revengers
33%
Ludovic Cruchot Le Gendarme
32%
Nicky Larson City Hunter
31%
Sora Kingdom Hearts
31%
Jake Sully Avatar
30%
Po Ping Kung Fu Panda
29%
Carl Fredricksen Là-haut
27%
John McClane Die Hard
26%
Alan Grant Jurassic Park
26%
Jack Torrance Shining
25%
Simon Belmont Castlevania
24%
Matt Murdock Daredevil
23%
Cloud Strife Final Fantasy VII
22%
Axel Foley Le Flic de Beverly Hills
22%
Limule Tempest Moi, quand je me réincarne en slime
22%
Joel Miller The Last of Us
22%
Harold Horrib' Haddock III Dragons
19%
Gordon Freeman Half-Life
19%
Pit Kid Icarus
19%
Beatrix Kiddo Kill Bill
19%
Niko Bellic Grand Theft Auto IV
18%
Twilight Spy × Family
18%
Korben Dallas Le Cinquième Élément
17%
Musclor Les Maîtres de l'Univers
17%
Ness EarthBound
16%
Beatrice Prior Divergente
15%
Thomas Le Labyrinthe
15%
Legoshi Beastars
14%
Flam Lumen Élémentaire
11%
Alex Madagascar
10%
Max Rockatansky Mad Max
10%
Flint Lockwood Tempête de boulettes géantes
9%
Naofumi Iwatani The Rising of the Shield Hero
9%
Alex Murphy RoboCop
8%
Ginger Chicken Run
6%
Larry Daley La Nuit au musée
5%
M. Loup Les Bad Guys
5%
Eep Les Croods
5%
Boog Les Rebelles de la forêt
5%
Ren Amamiya Persona 5
5%
Winston Smith 1984
4%
Grégory Van Huffel Alibi.com
4%
Eddy Vuibert La Vérité si je mens !
3%
Soren Les Gardiens de Ga'Hoole
3%
Aucun quiz correspondant
Distribution des résultats
% des personnes avec chaque résultat
Percentile par nombre de réponses
Votre historique - résultats
Vous n’avez pas pris ce quiz